| 000 | 01092cam a2200289 4500 | ||
|---|---|---|---|
| 001 | 173877 | ||
| 003 | YEEZEN | ||
| 005 | 20240426104145.0 | ||
| 008 | 181226s2018 ch a g 000 0 chi d | ||
| 020 |
_a9789863429531 _q(平裝) : _cNT$300 |
||
| 040 |
_aNQU _eCCR2 _cTW |
||
| 041 | 0 | _achi | |
| 042 | _anbic | ||
| 044 | _ach | ||
| 084 |
_a411.94 _2ncsclt |
||
| 090 | _a411.94 | ||
| 100 | 1 |
_a森拓郎 _e著 |
|
| 245 | 1 | 0 |
_a【圖解】不斷醣瘦更快 _b2個月讓47種難瘦女子健康瘦下10公斤! _c森拓郎著 |
| 250 | _a初版 | ||
| 260 |
_a臺北市 _b三采文化 _c2018.06 |
||
| 300 |
_a198面 _b圖 _c21公分 |
||
| 500 | _a台灣是美食王國也是澱粉大國,雖然現在是「限醣」和「生酮」的風潮, 但減肥者最真實的心聲是,我就是無法「斷醣」,而且無法維持一輩子! 日本百萬減肥暢銷書作者最新作! 減肥,根本不需要毅力,吃醣也能2個月-10kg的終極減肥術。 | ||
| 650 | 1 | 0 |
_a健康食品 _2lcstt. |
| 650 | 1 | 0 |
_a減重 _2lcstt. |
| 700 | 1 |
_a賴惠鈴 _e譯 |
|
| 942 |
_2ccl _cBOOK |
||
| 999 |
_c7545 _d7545 |
||